Ромел - вълшебникът на пустинята (Запис номер 85840)
[ съкратено ]
| 000 -Лидер | |
|---|---|
| Контролно поле с фиксирана дължина | 02250nam a2200493 c 4500 |
| 003 - Код на организацията, давaща контролен номер | |
| Контролно поле | BLK |
| 005 - Дата и час на последна редакция | |
| Контролно поле | 20231002094232.0 |
| 008 - Елементи от данни с фиксирана дължина | |
| fixed length control field | 180408b bul|||||r ||||||| ||bul|| |
| 010 ## - Наследен системен номер | |
| LC control number | KNG00090447000 |
| 020 ## - Международен стандартен номер на книга ISBN | |
| Международен стандартен номер на книга ISBN | 9789547381537 |
| 040 ## - Източник на каталожния запис | |
| Идентификатор на билиотеката - собственик на записа | BLK |
| 041 ## - Код за език | |
| Код за езика на текст/звукозапис или на отделно заглавие | Български |
| Код за езика КДБФ | Български |
| 080 ## - УДК | |
| Текстов определител УДК | Втора световна война |
| УДК код - определител по УДК | 94(100)"1939/1945" |
| УДК определител | (02.062) |
| УДК - код + определител | 94(100)"1939/1945"(02.062) |
| 080 ## - УДК | |
| Текстов определител УДК | Военна история - Военни походи, битки, героични подвизи. Вж и 93/99 |
| УДК код - определител по УДК | 355.48 |
| УДК определител | (100)"1939/1945"(02.062) |
| УДК - код + определител | 355.48(100)"1939/1945"(02.062) |
| 100 1# - Редна дума - Автор | |
| Автор | Кун, Елмар |
| Авторска отговорност | първи автор |
| Автор - информация (биография) | Куровски, Франц |
| R(LIN) | 302008 |
| 139 ## - Редно поле | |
| Редна дума | Кун, Елмар |
| Авторски знак | Ку - К 93 |
| 245 10 - Сведения за заглавието | |
| Заглавие | Ромел - вълшебникът на пустинята |
| Подзаглавни данни | Борбата и гибелта на Германския африкански корпус : Ч. 1 - 2 |
| Редно поле (дума) | Елмар Кун; прев. Асен Дончев. |
| Том | Ч. 1 |
| 257 ## - Страна на издаване | |
| Страна на създаване/издаване | Германия |
| 260 ## - Област на издателските данни | |
| Година на издаване | 2009 |
| 9 (RLIN) | 209474 |
| Място на издаване, разпространение и проч. | София |
| Име на издателя, разпространителя и проч. | Литера Прима |
| Издателство - префикс ISBN | 978-954-738- ; 954-8163- |
| 300 ## - Физическа характеристика | |
| Страници | 144 с. к., 16 л. : сн. |
| Размери/Мащаб | 20 см |
| 380 ## - Жанр | |
| Жанр | Обществени науки |
| 490 ## - СЕРИИ (Колекции) | |
| Име на серия | Поредица Тайни и загадки |
| №: серия | Кн. 128 |
| 500 ## - Общи забележки | |
| Забележка | Без сведение за ориг. загл. - Елмар Кун - псевд. на Франц Куровски. |
| 650 #4 - Допълнително описание по предмет – тема | |
| Основно описание – тема или топоним | Втора световна война - кампании - Африка |
| 9 (RLIN) | 302012 |
| 650 #4 - Допълнително описание по предмет – тема | |
| Основно описание – тема или топоним | Германия - военна история |
| 9 (RLIN) | 250574 |
| 650 #4 - Допълнително описание по предмет – тема | |
| Основно описание – тема или топоним | Военна история - Германия |
| 9 (RLIN) | 300152 |
| 651 #4 - Допълнително описание по предмет - топоним | |
| Географско понятие | Африка |
| 9 (RLIN) | 246452 |
| 651 #4 - Допълнително описание по предмет - топоним | |
| Географско понятие | Германия |
| 9 (RLIN) | 178754 |
| 653 ## - Ключова дума – ненормативна | |
| Ключова дума | Втора световна война |
| 653 ## - Ключова дума – ненормативна | |
| Ключова дума | военни действия |
| 653 ## - Ключова дума – ненормативна | |
| Ключова дума | Ромел |
| 653 ## - Ключова дума – ненормативна | |
| Ключова дума | военна история |
| 700 1# - Други автори (авторска отговорност) | |
| Лично име | Дончев, Асен |
| Автороска отговорност (Описва отношението между автора и произведението) | прев. |
| 9 (RLIN) | 302011 |
| 760 1# - Описание на основната серия | |
| Редна дума на основното описание | Кун, Елмар |
| Място на издаване, издател и година | Литера Прима, 2009 |
| Страници - том | 144 с. к., 16 л. : сн. |
| Заглавие | Ч. 1 |
| 852 ## - Местоположение | |
| Форматна сигнатура | Цб 244663 |
| 856 4# - Електронен адрес и достъп | |
| Електронен формат | pdf - файл |
| 856 4# - Електронен адрес и достъп | |
| Електронен формат | pdf - файл |
| 942 ## - АРТИКУЛИ | |
| Вид на библиотечния материал | Книги |
| Скрит в OPAC | Не |
| Koha issues (borrowed), all copies | 1 |
| 944 ## - СЪЗДАВАНЕ И РЕДАКЦИЯ на ЗАПИСА | |
| Създаване/Редакция | Създаване |
| Дата на регистрацията/редакция | 07.07.2009 |
| Статус, дата на статуса | Нора Радева |
| Служител, извършил регистрацията/редакцията | 30545 |
| 944 ## - СЪЗДАВАНЕ И РЕДАКЦИЯ на ЗАПИСА | |
| Създаване/Редакция | Редакция |
| Дата на регистрацията/редакция | 15.06.2011 |
| Статус, дата на статуса | ф / |
| 999 ## - СИСТЕМНИ КОНТРОЛНИ НОМЕРА | |
| Koha biblionumber | 85840 |
| Koha biblioitemnumber | 85840 |
| 999 ## - СИСТЕМНИ КОНТРОЛНИ НОМЕРА | |
| Koha biblioitemnumber | 85840 |
| 999 ## - СИСТЕМНИ КОНТРОЛНИ НОМЕРА | |
| Koha biblioitemnumber | 85840 |
| 999 ## - СИСТЕМНИ КОНТРОЛНИ НОМЕРА | |
| Koha biblioitemnumber | 85840 |
| Код за отписване | Код за изгубен артикул | Източник на класификационната схема | Код за повреда | Коз за рестрикции | Код за отдаване | Артикулен № | Име на библиотеката - собственик | Име на библиотеката, в която се намира в момента | Статус (Текущо местоположение) | Дата на вписване в системата | Местоположение - отдел | Цена в лева | Инвентарен номер | Систематично азбучна сигнатура | Баркод | Номер на екземпляра | Цена в евро | Служебна бележка | Служебен тип на артикула |
|---|---|---|---|---|---|---|---|---|---|---|---|---|---|---|---|---|---|---|---|
| Изтеглен | Изгубен | Universal Decimal Classification | Не е повреден | без рестрикции | заемане за дома | 139156 | Регионална библиотека "Любен Каравелов" Русе | Регионална библиотека "Любен Каравелов" Русе | Заемна - подръчен фонд | 2009-07-07 | Заемна - подръчен фонд | 12.99 | 120000736820 | П 940.53/К 93 | 120000736820 | 1 | 6.64 | Дост: Pk Вид: Ф N: 47 Дата: 07.07.2009 Дата инв: 07.02.2018 Бележки инв: П2018 | Книги |
| Не е изгубен | Не е повреден | без рестрикции | ползва се в читалня | 139157 | Регионална библиотека "Любен Каравелов" Русе | Регионална библиотека "Любен Каравелов" Русе | Хранилище | 2011-02-24 | Хранилище | 12.99 | 120000749445 | Цб 244663 | 120000749445 | 2 | 6.64 | Дост: Dp Вид: Д N: 24 Дата: 16.06.2010 | Книги | ||
| Не е изгубен | Universal Decimal Classification | Не е повреден | заемане за дома | 933785 | Регионална библиотека "Любен Каравелов" Русе | Регионална библиотека "Любен Каравелов" Русе | Заемна - подръчен фонд | 2023-10-02 | Заемна - подръчен фонд | 12.99 | 120000892952 | 94(100)"1939/1944"/К 93 Е | 120000892952 | 6.64 | Книги |